| 000 | 00000nam##2200000za#4500 |
| 001 | 9.651296 |
| 003 | CaOODSP |
| 005 | 20210615114912 |
| 007 | ta |
| 008 | 150407|2008||||xxc||||| f|0| 0 eng|d |
| 020 | |a978-1-100-10395-2 |
| 040 | |aCaOODSP|beng |
| 043 | |an-cn--- |
| 086 | 1 |aHS51-1/2007E |
| 110 | 1 |aCanada.|bNational Council of Welfare. |
| 245 | 10|aWelfare incomes, 2006 and 2007 |
| 246 | 3 |aNational Council of Welfare reports ; volume #128, winter 2008 |
| 260 | |aOttawa - Ontario : |bNational Council of Welfare |cc2008. |
| 300 | |avii, 146p. : |bfigs., graphs, tables ; |c28 cm. |
| 520 | 3 |aPresents the welfare rates over the year in Canadian provinces and territories. Welfare incomes are estimated for four types of households: a single employable person; a single person with a disability; a single-parent family with a 2-year-old child; and a two-parent family with two children aged 10 and 15. The report looks at whether welfare is adequate, the gap between welfare and average incomes, changes to welfare over time, and the relationship between welfare and poverty over time. |
| 563 | |aSoftcover |
| 590 | |a09-22|b2009-05-29 |
| 690 | 07|aIncome|2gcpds |
| 690 | 07|aWelfare|2gcpds |
| 775 | 08|tRevenus de bien-être social, 2006 et 2007 |w(CaOODSP)9.684336 |